[Event "Steyr Landesliga 1213"]
[Site "Austria"]
[Date "2012.10.13"]
[Round "2.7"]
[White "Kiss, Balint"]
[Black "Korom, Johann"]
[Result "1/2-1/2"]
[WhiteElo "1862"]
[BlackElo "1912"]
[PlyCount "32"]
[EventDate "2012.09.22"]
[EventType "team-tourn"]
[EventRounds "11"]
[EventCountry "AUT"]
[SourceTitle "EXT 2014"]
[Source "ChessBase"]
[SourceDate "2013.11.20"]
[SourceVersion "1"]
[SourceVersionDate "2013.11.20"]
[SourceQuality "1"]
[WhiteTeam "Hartberg"]
[BlackTeam "Graz Post"]
[WhiteTeamCountry "AUT"]
[BlackTeamCountry "AUT"]

1. e4 e5 2. Nf3 Nc6 3. d4 exd4 4. Nxd4 Bc5 5. Nb3 Bb6 6. Nc3 Qf6 7. Qe2 Nge7 8. h4 0-0 9. Bg5 Qe6 10. 0-0-0 d6 11. f3 f6 12. Be3 Bd7 13. g4 Qf7 14. Kb1 Be6 15. Nb5 Nc8 16. N5d4 Nxd4 1/2-1/2